000
00334nam a2200145Ia 4500
999
_c
7744
_d
7744
008
191201s2016 xx 000 0 und d
020
_a
9780070669055
100
_a
GODBOLE, Achyut
245
0
_a
Web Technologies
250
_a
Rep
260
_c
2016
_b
MGH
_a
New Delhi
300
_a
593
650
_a
MCA 2ND SEM
942
_2
ddc
_c
BB
_0
11